| 000 -LEADER |
| fixed length control field |
01633cam a2200361 i 4500 |
| 001 - CONTROL NUMBER |
| control field |
21835214 |
| 003 - CONTROL NUMBER IDENTIFIER |
| control field |
NUST |
| 005 - DATE AND TIME OF LATEST TRANSACTION |
| control field |
20220828185941.0 |
| 008 - FIXED-LENGTH DATA ELEMENTS--GENERAL INFORMATION |
| fixed length control field |
201209s2021 cau be 001 0 eng |
| 010 ## - LIBRARY OF CONGRESS CONTROL NUMBER |
| LC control number |
2020052220 |
| 020 ## - INTERNATIONAL STANDARD BOOK NUMBER |
| International Standard Book Number |
9781440866081 |
| Qualifying information |
(hardcover ; alk. paper) |
| 020 ## - INTERNATIONAL STANDARD BOOK NUMBER |
| Canceled/invalid ISBN |
9781440866098 |
| Qualifying information |
(ebook) |
| 038 ## - RECORD CONTENT LICENSOR |
| Staff Name |
Azhar |
| 040 ## - CATALOGING SOURCE |
| Original cataloging agency |
DLC |
| Language of cataloging |
eng |
| Transcribing agency |
DLC |
| Description conventions |
rda |
| Modifying agency |
DLC |
| 042 ## - AUTHENTICATION CODE |
| Authentication code |
pcc |
| 043 ## - GEOGRAPHIC AREA CODE |
| Geographic area code |
n-us--- |
| 050 00 - LIBRARY OF CONGRESS CALL NUMBER |
| Classification number |
HD6060.3 |
| Item number |
.S494 2021 |
| 082 00 - DEWEY DECIMAL CLASSIFICATION NUMBER |
| Classification number |
305.42097303 |
| Edition number |
23 |
| Author Mark |
SEX |
| 245 00 - TITLE STATEMENT |
| Title |
Sexual harassment and misconduct : |
| Remainder of title |
an encyclopedia |
| Statement of responsibility, etc. |
Gina Robertiello, editor. |
| 260 ## - PUBLICATION, DISTRIBUTION, ETC. |
| Place of publication, distribution, etc. |
Santa Barbara, California : |
| Name of publisher, distributor, etc. |
ABC-CLIO, an imprint of ABC-CLIO, LLC, |
| Date of publication, distribution, etc. |
2021 |
| 300 ## - PHYSICAL DESCRIPTION |
| Extent |
xiv, 395 p |
| Dimensions |
26 cm |
| 336 ## - CONTENT TYPE |
| Content type term |
text |
| Content type code |
txt |
| Source |
rdacontent |
| 337 ## - MEDIA TYPE |
| Media type term |
unmediated |
| Media type code |
n |
| Source |
rdamedia |
| 338 ## - CARRIER TYPE |
| Carrier type term |
volume |
| Carrier type code |
nc |
| Source |
rdacarrier |
| 504 ## - BIBLIOGRAPHY, ETC. NOTE |
| Bibliography, etc. note |
Includes bibliographical references and index. |
| 520 ## - SUMMARY, ETC. |
| Summary, etc. |
"This authoritative reference work informs readers about the scope, nature, and prevalence of sexual harassment and misconduct in all walks of American life, and how changes in policy, law, and traditional gender dynamics can address the problem"-- |
| Assigning source |
Provided by publisher. |
| 650 #0 - SUBJECT ADDED ENTRY--TOPICAL TERM |
| Topical term or geographic name entry element |
Sexual harassment |
| Geographic subdivision |
United States |
| Form subdivision |
Encyclopedias. |
| 9 (RLIN) |
94794 |
| 700 1# - ADDED ENTRY--PERSONAL NAME |
| Personal name |
Robertiello, Gina, |
| Relator term |
editor. |
| 9 (RLIN) |
94795 |
| 776 08 - ADDITIONAL PHYSICAL FORM ENTRY |
| Relationship information |
Online version: |
| Title |
Sexual harassment and misconduct |
| Place, publisher, and date of publication |
Santa Barbara, California : ABC-CLIO, [2021] |
| International Standard Book Number |
9781440866098 |
| Record control number |
(DLC) 2020052221 |
| 906 ## - LOCAL DATA ELEMENT F, LDF (RLIN) |
| a |
7 |
| b |
cbc |
| c |
orignew |
| d |
1 |
| e |
ecip |
| f |
20 |
| g |
y-gencatlg |
| 942 ## - ADDED ENTRY ELEMENTS (KOHA) |
| Source of classification or shelving scheme |
|
| Koha item type |
Lincoln Corner |